A strategy for plenty : The indicative world plan for agriculture development
Spremljeno u:
| Format: | Knjiga |
|---|---|
| Jezik: | Undetermined |
| Izdano: |
[United Nations]
Food And Agriculture Organization Of the United Nations
1970
|
| Teme: | |
| Oznake: |
Dodaj oznaku
Bez oznaka, Budi prvi tko označuje ovaj zapis!
|
| Thư viện lưu trữ: | Trung tâm Học liệu Trường Đại học Cần Thơ |
|---|
| LEADER | 00576nam a2200181Ia 4500 | ||
|---|---|---|---|
| 001 | CTU_77411 | ||
| 008 | 210402s9999 xx 000 0 und d | ||
| 082 | |a 338.1 | ||
| 082 | |b S898 | ||
| 245 | 2 | |a A strategy for plenty : | |
| 245 | 4 | |b The indicative world plan for agriculture development | |
| 260 | |a [United Nations] | ||
| 260 | |b Food And Agriculture Organization Of the United Nations | ||
| 260 | |c 1970 | ||
| 650 | |a Agriculrure,Agriculture and state | ||
| 650 | |x Economic aspects | ||
| 904 | |i Trọng Hải | ||
| 980 | |a Trung tâm Học liệu Trường Đại học Cần Thơ | ||